ՀՀ Գիտությունների ազգային ակադեմիայի հիմնարար գիտական գրադարան  =   Fundamental Scientific Library of NAS RA

Երջանկության օազիսը ։ (Record no. 528334)

MARC details
000 -LEADER
fixed length control field 01304nam a2200301 a 4500
001 - CONTROL NUMBER
control field 1910631
003 - CONTROL NUMBER IDENTIFIER
control field AM-YeHGA
005 - DATE AND TIME OF LATEST TRANSACTION
control field 20250617164713.0
008 - FIXED-LENGTH DATA ELEMENTS--GENERAL INFORMATION
fixed length control field 230623s2023 ai a|||gr|||||||||1|arm|d
020 ## - INTERNATIONAL STANDARD BOOK NUMBER
International Standard Book Number 9789939607931
040 ## - CATALOGING SOURCE
Original cataloging agency AM-YeHGA
041 1# - LANGUAGE CODE
Language code of text/sound track or separate title arm
Language code of original rus
041 0# - LANGUAGE CODE
Language code of text/sound track or separate title rus
090 ## - LOCALLY ASSIGNED LC-TYPE CALL NUMBER (OCLC); LOCAL CALL NUMBER (RLIN)
-- 566537
100 1# - MAIN ENTRY--PERSONAL NAME
Personal name Ալեքսանդեր, Իվետ
245 10 - TITLE STATEMENT
Title Երջանկության օազիսը ։
Remainder of title Վիպակ = Оазис счастья : Повесть /
Statement of responsibility, etc. Ի. Ալեքսանդեր ; Ռուս. թարգմ. և առաջաբ. հեղ.՝ Ա. Վարդանյան.
246 11 - VARYING FORM OF TITLE
Title proper/short title Оазис счастья :
Remainder of title Повесть
260 ## - PUBLICATION, DISTRIBUTION, ETC.
Place of publication, distribution, etc. Երևան :
Name of publisher, distributor, etc. ՎՄՎ-Պրինտ,
Date of publication, distribution, etc. 2023.
300 ## - PHYSICAL DESCRIPTION
Extent 115 էջ ; 99 էջ ։
Other physical details գուն. նկ., լուսանկ. ;
Dimensions 21 սմ.
500 ## - GENERAL NOTE
General note Երկկողմանի գիրք՝ հակադարձ էջակալությամբ։
546 ## - LANGUAGE NOTE
Language note Բնագիրը՝ զուգահեռ հայերեն և ռուսերեն։
650 14 - SUBJECT ADDED ENTRY--TOPICAL TERM
Topical term or geographic name entry element Հայ օտարագիր արձակ
650 14 - SUBJECT ADDED ENTRY--TOPICAL TERM
Topical term or geographic name entry element Հայ գրականություն
General subdivision Վիպակ
650 14 - SUBJECT ADDED ENTRY--TOPICAL TERM
Topical term or geographic name entry element Հայ թարգմանական գրականություն
653 0# - INDEX TERM--UNCONTROLLED
Uncontrolled term Ինքնակենսագրական վիպակ
700 1# - ADDED ENTRY--PERSONAL NAME
Personal name Վարդանյան, Արտակ
Relator term թարգմ.
Relationship trl
Relator term առաջաբ.
Relationship aui
942 ## - ADDED ENTRY ELEMENTS (KOHA)
Source of classification or shelving scheme Universal Decimal Classification
Koha item type Գրքեր / Books
Holdings
Withdrawn status Lost status Source of classification or shelving scheme Damaged status Not for loan Collection Home library Current library Date acquired Total checkouts Full call number Barcode Date last seen Price effective from Koha item type Public note
    Universal Decimal Classification     General Fundamental Scientific Library Fundamental Scientific Library 25/08/2023   AII/110639 FL0672752 25/08/2023 25/08/2023 Գրքեր / Books 30 Days Loan
    Universal Decimal Classification     General Fundamental Scientific Library Fundamental Scientific Library 25/08/2023   AII/110640 FL0672753 25/08/2023 25/08/2023 Գրքեր / Books 30 Days Loan


ՀՀ ԳԱԱ հիմնարար գիտական գրադարան
ՀՀ,Երևան 0019
Մարշալ Բաղրամյան 24/6
հեռախոս:(374-10) 52-47-50
Հետադարձ կապ

All site content, except where otherwise noted, is licensed under a
Creative Commons License